Which country has a higher population? - Statistics

General Stats
  • This quiz has been taken 128 times
  • The average score is 5 of 8
Answer Stats
Question Answer % Correct
Which country has a higher population? Kenya
100%
Which country has a higher population? Singapore
100%
Which country has a higher population? Angola
67%
Which country has a higher population? Italy
67%
Which country has a higher population? Niger
67%
Which country has a higher population? Uzbekistan
67%
Which country has a higher population? Nigeria
33%
Which country has a higher population? Nepal
0%
No matching quizzes found
Score Distribution
Percent of People with Each Score
Percentile by Number Answered
Your Score History
You have not taken this quiz